[Event "DVM U12 2023"]
[Site "Magdeburg GER"]
[Date "2023.12.30"]
[Round "7"]
[White "Ensslen, Jakob"]
[Black "Wagner, Cosima Thien-An"]
[Result "0-1"]
[Termination "normal"]
[Board "10.1"]
[WhiteElo "1624"]
[BlackElo "1531"]
[WhiteClock "00:20:56"]
[BlackClock "00:08:02"]
[WhiteTeam "Karlsruher SF 1853"]
[BlackTeam "TV Tegernsee"]
[PlyCount "144"]
[WhiteFideId "34640258"]
[BlackFideId "34603484"]
[EventCountry "GER"]
[EventRounds "7"]
[EventType "team-swiss"]
[EventDate "2023.12.26"]

1. e4 {[%clk 01:30:56]} {[%emt 00:00:03]} c5 {[%clk 01:30:57]} {[%emt
00:00:03]} 2. Nf3 {[%clk 01:31:18]} {[%emt 00:00:09]} g6 {[%clk 01:31:24]}
{[%emt 00:00:04]} 3. d4 {[%clk 01:31:35]} {[%emt 00:00:13]} cxd4 {[%clk
01:31:50]} {[%emt 00:00:03]} 4. Qxd4 {[%clk 01:31:57]} {[%emt 00:00:07]} Nf6
{[%clk 01:32:16]} {[%emt 00:00:04]} 5. Nc3 {[%clk 01:32:16]} {[%emt 00:00:11]}
Nc6 {[%clk 01:32:35]} {[%emt 00:00:12]} 6. Qa4 {[%clk 01:32:39]} {[%emt
00:00:07]} d6 {[%clk 01:32:49]} {[%emt 00:00:16]} 7. e5 {[%clk 01:32:57]}
{[%emt 00:00:13]} dxe5 {[%clk 01:33:12]} {[%emt 00:00:06]} 8. Nxe5 {[%clk
01:33:04]} {[%emt 00:00:22]} Qd4 {[%clk 01:33:34]} {[%emt 00:00:09]} 9. Nxc6
{[%clk 01:32:35]} {[%emt 00:00:59]} Qxa4 {[%clk 01:33:55]} {[%emt 00:00:09]}
10. Nxa4 {[%clk 01:32:58]} {[%emt 00:00:07]} bxc6 {[%clk 01:34:22]} {[%emt
00:00:04]} 11. Be3 {[%clk 01:22:59]} {[%emt 00:10:28]} Bf5 {[%clk 01:21:24]}
{[%emt 00:13:28]} 12. O-O-O {[%clk 01:19:11]} {[%emt 00:04:18]} Nd5 {[%clk
01:18:23]} {[%emt 00:03:31]} 13. Bd4 {[%clk 01:16:27]} {[%emt 00:03:14]} Bh6+
{[%clk 01:17:58]} {[%emt 00:00:55]} 14. Kb1 {[%clk 01:10:41]} {[%emt 00:06:16]}
Nb4 {[%clk 01:02:25]} {[%emt 00:16:03]} 15. Bd3 {[%clk 01:06:20]} {[%emt
00:04:50]} Nxd3 {[%clk 01:01:48]} {[%emt 00:01:08]} 16. cxd3 {[%clk 01:06:29]}
{[%emt 00:00:21]} f6 {[%clk 00:52:53]} {[%emt 00:09:26]} 17. Nc5 {[%clk
00:49:23]} {[%emt 00:17:35]} O-O-O {[%clk 00:38:04]} {[%emt 00:15:19]} 18. Nb3
{[%clk 00:46:00]} {[%emt 00:03:54]} a5 {[%clk 00:33:05]} {[%emt 00:05:29]} 19.
Bb6 {[%clk 00:40:54]} {[%emt 00:05:35]} Rxd3 {[%clk 00:31:37]} {[%emt
00:01:57]} 20. Rxd3 {[%clk 00:40:09]} {[%emt 00:01:16]} Bxd3+ {[%clk 00:32:03]}
{[%emt 00:00:04]} 21. Ka1 {[%clk 00:40:32]} {[%emt 00:00:07]} a4 {[%clk
00:24:26]} {[%emt 00:08:07]} 22. Nc5 {[%clk 00:37:10]} {[%emt 00:03:52]} Bc2
{[%clk 00:19:52]} {[%emt 00:05:04]} 23. Re1 {[%clk 00:32:33]} {[%emt 00:05:08]}
e5 {[%clk 00:19:19]} {[%emt 00:01:03]} 24. Re2 {[%clk 00:29:42]} {[%emt
00:03:21]} Bf5 {[%clk 00:19:42]} {[%emt 00:00:06]} 25. h3 {[%clk 00:27:05]}
{[%emt 00:03:07]} Bf8 {[%clk 00:11:38]} {[%emt 00:08:34]} 26. Nxa4 {[%clk
00:22:46]} {[%emt 00:04:50]} h5 {[%clk 00:09:45]} {[%emt 00:02:23]} 27. Rd2
{[%clk 00:14:52]} {[%emt 00:08:24]} Bb4 {[%clk 00:08:03]} {[%emt 00:02:12]} 28.
Nc3 {[%clk 00:13:09]} {[%emt 00:02:14]} Be6 {[%clk 00:05:13]} {[%emt 00:03:20]}
29. a3 {[%clk 00:10:07]} {[%emt 00:03:32]} Be7 {[%clk 00:05:40]} {[%emt
00:00:03]} 30. a4 {[%clk 00:08:43]} {[%emt 00:01:54]} Kb7 {[%clk 00:05:17]}
{[%emt 00:00:52]} 31. Be3 {[%clk 00:04:58]} {[%emt 00:04:15]} Ra8 {[%clk
00:05:11]} {[%emt 00:00:37]} 32. b3 {[%clk 00:04:08]} {[%emt 00:01:20]} Bb4
{[%clk 00:04:44]} {[%emt 00:00:56]} 33. Rc2 {[%clk 00:02:16]} {[%emt 00:02:23]}
Bxb3 {[%clk 00:05:01]} {[%emt 00:00:13]} 34. Rc1 {[%clk 00:02:22]} {[%emt
00:00:23]} Bxa4 {[%clk 00:04:13]} {[%emt 00:01:19]} 35. Kb1 {[%clk 00:01:01]}
{[%emt 00:01:51]} Ba3 {[%clk 00:02:19]} {[%emt 00:02:24]} 36. Nxa4 {[%clk
00:00:55]} {[%emt 00:00:36]} Rxa4 {[%clk 00:02:39]} {[%emt 00:00:10]} 37. Rc2
{[%clk 00:01:06]} {[%emt 00:00:18]} Ra5 {[%clk 00:02:00]} {[%emt 00:01:09]} 38.
Ra2 {[%clk 00:00:58]} {[%emt 00:00:40]} Rb5+ {[%clk 00:02:02]} {[%emt
00:00:28]} 39. Kc2 {[%clk 00:01:16]} {[%emt 00:00:12]} Bc5 {[%clk 00:02:15]}
{[%emt 00:00:17]} 40. Bxc5 {[%clk 00:00:40]} {[%emt 00:01:06]} Rxc5+ {[%clk
00:02:40]} {[%emt 00:00:05]} 41. Kd3 {[%clk 00:00:52]} {[%emt 00:00:17]} Rd5+
{[%clk 00:02:00]} {[%emt 00:01:11]} 42. Ke4 {[%clk 00:30:14]} {[%emt 00:01:06]}
Rd4+ {[%clk 00:32:01]} {[%emt 00:00:29]} 43. Ke3 {[%clk 00:30:20]} {[%emt
00:00:24]} c5 {[%clk 00:31:13]} {[%emt 00:01:18]} 44. Rb2+ {[%clk 00:29:57]}
{[%emt 00:00:54]} Kc7 {[%clk 00:31:31]} {[%emt 00:00:12]} 45. Ra2 {[%clk
00:30:06]} {[%emt 00:00:21]} c4 {[%clk 00:30:15]} {[%emt 00:01:47]} 46. Ra7+
{[%clk 00:30:19]} {[%emt 00:00:16]} Kb6 {[%clk 00:29:17]} {[%emt 00:01:28]} 47.
Ra8 {[%clk 00:30:39]} {[%emt 00:00:10]} Kb7 {[%clk 00:28:18]} {[%emt 00:01:27]}
48. Ra3 {[%clk 00:28:27]} {[%emt 00:02:42]} Kb6 {[%clk 00:28:03]} {[%emt
00:00:45]} 49. Ra8 {[%clk 00:28:36]} {[%emt 00:00:21]} Kb5 {[%clk 00:28:02]}
{[%emt 00:00:31]} 50. Rb8+ {[%clk 00:25:24]} {[%emt 00:03:43]} Ka4 {[%clk
00:22:46]} {[%emt 00:05:45]} 51. Ra8+ {[%clk 00:21:57]} {[%emt 00:03:58]} Kb3
{[%clk 00:23:02]} {[%emt 00:00:13]} 52. Rb8+ {[%clk 00:22:16]} {[%emt
00:00:11]} Kc2 {[%clk 00:22:53]} {[%emt 00:00:36]} 53. Rb6 {[%clk 00:20:51]}
{[%emt 00:01:58]} c3 {[%clk 00:14:17]} {[%emt 00:09:06]} 54. Rc6 {[%clk
00:19:38]} {[%emt 00:01:42]} Rd3+ {[%clk 00:12:55]} {[%emt 00:01:48]} 55. Ke2
{[%clk 00:19:51]} {[%emt 00:00:21]} Rd2 {[%clk 00:10:24]} {[%emt 00:02:59]} 56.
Ke3 {[%clk 00:19:52]} {[%emt 00:00:31]} f5 {[%clk 00:08:02]} {[%emt 00:02:53]}
57. g3 {[%clk 00:18:53]} {[%emt 00:01:29]} Rd3+ {[%clk 00:06:56]} {[%emt
00:01:36]} 58. Ke2 {[%clk 00:19:08]} {[%emt 00:00:14]} f4 {[%clk 00:07:01]}
{[%emt 00:00:25]} 59. gxf4 {[%clk 00:18:55]} {[%emt 00:00:45]} exf4 {[%clk
00:07:19]} {[%emt 00:00:12]} 60. f3 {[%clk 00:17:49]} {[%emt 00:01:35]} Re3
{[%clk 00:07:22]} {[%emt 00:00:26]} 61. Kf2 {[%clk 00:17:37]} {[%emt 00:00:42]}
Kd2 {[%clk 00:06:39]} {[%emt 00:01:13]} 62. Rd6+ {[%clk 00:17:56]} {[%emt
00:00:11]} Rd3 {[%clk 00:06:47]} {[%emt 00:00:22]} 63. Re6 {[%clk 00:18:14]}
{[%emt 00:00:12]} c2 {[%clk 00:06:27]} {[%emt 00:00:50]} 64. Re2+ {[%clk
00:18:30]} {[%emt 00:00:13]} Kc3 {[%clk 00:06:37]} {[%emt 00:00:21]} 65. Re1
{[%clk 00:18:46]} {[%emt 00:00:14]} Rd1 {[%clk 00:06:43]} {[%emt 00:00:24]} 66.
Ke2 {[%clk 00:19:06]} {[%emt 00:00:10]} Rxe1+ {[%clk 00:07:07]} {[%emt
00:00:06]} 67. Kxe1 {[%clk 00:19:31]} {[%emt 00:00:05]} c1=Q+ {[%clk 00:07:29]}
{[%emt 00:00:08]} 68. Kf2 {[%clk 00:19:54]} {[%emt 00:00:07]} Kd2 {[%clk
00:07:43]} {[%emt 00:00:15]} 69. h4 {[%clk 00:20:15]} {[%emt 00:00:09]} Qe1
{[%clk 00:08:03]} {[%emt 00:00:10]} 70. Kg2 {[%clk 00:20:38]} {[%emt 00:00:07]}
Ke2 {[%clk 00:08:05]} {[%emt 00:00:28]} 71. Kh2 {[%clk 00:20:36]} {[%emt
00:00:32]} Kxf3 {[%clk 00:08:02]} {[%emt 00:00:33]} 72. Kh3 {[%clk 00:20:56]}
{[%emt 00:00:09]} Qg3 {[%emt 00:00:09]} 0-1

[Event "DVM U12 2023"]
[Site "Magdeburg GER"]
[Date "2023.12.30"]
[Round "7"]
[White "Greive, Jakob"]
[Black "Maier, Kalle"]
[Result "1/2-1/2"]
[Termination "normal"]
[Board "10.2"]
[WhiteElo "1558"]
[BlackElo "1436"]
[WhiteClock "00:39:39"]
[BlackClock "00:01:24"]
[WhiteTeam "TV Tegernsee"]
[BlackTeam "Karlsruher SF 1853"]
[PlyCount "81"]
[WhiteFideId "34603476"]
[BlackFideId "34669604"]
[EventCountry "GER"]
[EventRounds "7"]
[EventType "team-swiss"]
[EventDate "2023.12.26"]

1. e4 {[%clk 01:30:54]} {[%emt 00:00:05]} c5 {[%clk 01:30:48]} 2. Nf3 {[%clk
01:31:20]} {[%emt 00:00:17]} d6 {[%clk 01:31:12]} 3. c3 {[%clk 01:31:20]} Nf6
{[%clk 01:31:12]} {[%emt 17:18:17]} 4. Bc4 {[%clk 01:31:30]} Nc6 {[%clk
01:30:12]} {[%emt 00:02:03]} 5. Qe2 {[%clk 01:21:12]} {[%emt 00:15:08]} Bg4 6.
Bb5 {[%clk 01:18:17]} {[%emt 00:08:12]} Qc7 7. d4 {[%emt 00:05:23]} Bxf3 {[%emt
00:01:11]} 8. gxf3 {[%clk 01:18:02]} {[%emt 00:00:01]} a6 {[%clk 01:15:41]}
{[%emt 00:02:03]} 9. Bxc6+ {[%clk 01:16:07]} Qxc6 {[%clk 01:14:43]} {[%emt
00:03:52]} 10. d5 {[%clk 01:15:39]} Qc8 {[%clk 01:12:38]} {[%emt 00:03:34]} 11.
Be3 {[%clk 01:14:23]} g6 {[%clk 01:12:38]} 12. Nd2 {[%clk 01:14:23]} Bg7 {[%clk
01:01:28]} {[%emt 00:14:27]} 13. Nc4 {[%clk 01:14:18]} Qc7 {[%clk 01:01:28]}
14. Bf4 {[%clk 01:14:18]} O-O {[%clk 01:01:28]} 15. Rg1 {[%clk 01:14:18]} b5
{[%clk 01:01:28]} 16. Ne3 {[%clk 01:14:18]} b4 {[%clk 01:01:28]} 17. c4 {[%clk
01:14:18]} a5 {[%emt 00:27:59]} 18. Nf1 {[%emt 00:02:35]} a4 {[%clk 00:41:36]}
{[%emt 00:01:14]} 19. Ng3 {[%clk 01:08:30]} {[%emt 00:00:26]} Kh8 {[%clk
00:37:34]} {[%emt 00:04:32]} 20. h4 {[%clk 01:06:21]} {[%emt 00:02:39]} a3
{[%clk 00:27:28]} {[%emt 00:10:36]} 21. b3 {[%clk 01:06:38]} {[%emt 00:00:12]}
Rg8 {[%clk 00:24:58]} {[%emt 00:03:00]} 22. Rh1 {[%clk 01:06:26]} {[%emt
00:00:41]} Nh5 {[%clk 00:22:15]} {[%emt 00:03:15]} 23. Nxh5 {[%clk 01:03:13]}
gxh5 {[%clk 00:19:53]} {[%emt 00:06:35]} 24. O-O-O {[%clk 01:01:23]} Bf6 {[%clk
00:14:15]} {[%emt 00:08:28]} 25. Bg5 {[%clk 00:58:21]} Be5 {[%clk 00:12:53]}
{[%emt 00:05:24]} 26. Kc2 {[%clk 00:56:54]} f6 {[%clk 00:12:53]} 27. Be3 {[%clk
00:56:54]} Bc3 {[%clk 00:09:08]} {[%emt 00:08:37]} 28. f4 {[%clk 00:54:19]} Rg4
{[%clk 00:08:15]} {[%emt 00:03:03]} 29. Rdg1 {[%clk 00:52:15]} {[%emt
00:02:33]} Rag8 {[%clk 00:07:48]} {[%emt 00:00:58]} 30. f3 {[%clk 00:51:53]}
{[%emt 00:00:51]} Rxg1 {[%clk 00:06:38]} {[%emt 00:01:40]} 31. Rxg1 {[%clk
00:52:06]} {[%emt 00:00:17]} Qc8 {[%clk 00:06:09]} {[%emt 00:00:59]} 32. f5
{[%clk 00:50:19]} {[%emt 00:02:17]} Rxg1 {[%clk 00:04:19]} {[%emt 00:02:20]}
33. Bxg1 {[%clk 00:50:16]} {[%emt 00:00:32]} Qg8 {[%clk 00:04:06]} {[%emt
00:00:42]} 34. Be3 {[%clk 00:48:07]} {[%emt 00:02:39]} Qg3 {[%clk 00:02:10]}
{[%emt 00:02:28]} 35. Bf2 {[%clk 00:44:54]} {[%emt 00:03:41]} Qg2 {[%clk
00:01:32]} {[%emt 00:01:10]} 36. Kd3 {[%clk 00:43:05]} {[%emt 00:02:18]} Be5
{[%clk 00:01:24]} {[%emt 00:00:38]} 37. Be1 {[%clk 00:39:49]} {[%emt 00:03:46]}
Qh2 {[%clk 00:01:02]} {[%emt 00:00:52]} 38. Qxh2 {[%clk 00:39:55]} {[%emt
00:00:23]} Bxh2 {[%clk 00:01:22]} {[%emt 00:00:10]} 39. Ke2 {[%clk 00:39:39]}
{[%emt 00:00:46]} Bf4 {[%clk 00:01:23]} {[%emt 00:00:30]} 40. Kf1 {[%clk
00:39:47]} {[%emt 00:00:21]} Kg7 {[%clk 00:01:24]} {[%emt 00:00:28]} 41. Kg2
{[%clk 00:39:39]} {[%emt 00:00:36]} 1/2-1/2

[Event "DVM U12 2023"]
[Site "Magdeburg GER"]
[Date "2023.12.30"]
[Round "7"]
[White "Müller, Maximilian"]
[Black "Hefele, Stefanie"]
[Result "1/2-1/2"]
[Termination "normal"]
[Board "10.3"]
[WhiteElo "1250"]
[BlackElo "1174"]
[WhiteClock "00:38:41"]
[BlackClock "00:19:25"]
[WhiteTeam "Karlsruher SF 1853"]
[BlackTeam "TV Tegernsee"]
[PlyCount "114"]
[WhiteFideId "34640282"]
[BlackFideId "34612041"]
[EventCountry "GER"]
[EventRounds "7"]
[EventType "team-swiss"]
[EventDate "2023.12.26"]

1. e4 {[%clk 01:30:59]} e5 {[%clk 01:30:52]} {[%emt 00:00:08]} 2. Nf3 {[%clk
01:31:25]} {[%emt 00:00:04]} Nc6 {[%clk 01:31:12]} {[%emt 00:00:10]} 3. Bc4
{[%clk 01:31:49]} {[%emt 00:00:06]} Bc5 {[%clk 01:31:24]} {[%emt 00:00:18]} 4.
Nc3 {[%clk 01:32:14]} {[%emt 00:00:06]} Nf6 {[%clk 01:31:18]} {[%emt 00:00:36]}
5. d3 {[%clk 01:32:36]} {[%emt 00:00:08]} h6 {[%clk 01:31:03]} {[%emt
00:00:44]} 6. Be3 {[%clk 01:32:21]} {[%emt 00:00:45]} d6 {[%clk 01:29:31]}
{[%emt 00:02:02]} 7. Bxc5 {[%clk 01:32:30]} {[%emt 00:00:22]} dxc5 {[%clk
01:29:38]} {[%emt 00:00:22]} 8. Bb5 {[%clk 01:32:15]} {[%emt 00:00:45]} Qd6
{[%clk 01:23:59]} {[%emt 00:06:09]} 9. Bxc6+ {[%clk 01:28:45]} {[%emt
00:04:00]} bxc6 {[%clk 01:24:13]} {[%emt 00:00:17]} 10. h3 {[%clk 01:29:01]}
{[%emt 00:00:13]} O-O {[%clk 01:24:02]} {[%emt 00:00:40]} 11. g4 {[%clk
01:27:27]} {[%emt 00:02:04]} Re8 {[%clk 01:18:51]} {[%emt 00:07:05]} 12. Qd2
{[%clk 01:26:04]} {[%emt 00:01:29]} Re6 {[%clk 01:15:26]} {[%emt 00:03:55]} 13.
g5 {[%clk 01:24:28]} {[%emt 00:02:07]} Nh5 {[%clk 01:14:12]} {[%emt 00:01:43]}
14. gxh6 {[%clk 01:24:27]} {[%emt 00:00:31]} Rxh6 {[%clk 01:13:12]} {[%emt
00:01:30]} 15. O-O-O {[%clk 01:23:04]} {[%emt 00:01:53]} Nf4 {[%clk 01:10:35]}
{[%emt 00:03:07]} 16. h4 {[%clk 01:22:54]} {[%emt 00:00:40]} Bg4 {[%clk
01:09:46]} {[%emt 00:01:19]} 17. Qe3 {[%clk 01:22:01]} {[%emt 00:01:24]} Ng2
{[%clk 01:08:08]} {[%emt 00:02:08]} 18. Qe2 {[%clk 01:22:12]} {[%emt 00:00:19]}
Qf6 {[%clk 01:07:41]} {[%emt 00:00:57]} 19. Rdg1 {[%clk 01:20:55]} {[%emt
00:01:47]} Bxf3 {[%clk 01:07:33]} {[%emt 00:00:37]} 20. Qd2 {[%clk 01:21:19]}
{[%emt 00:00:07]} Nxh4 {[%clk 01:06:35]} {[%emt 00:01:28]} 21. Rh2 {[%clk
01:20:10]} {[%emt 00:01:39]} Rd8 {[%clk 01:04:07]} {[%emt 00:02:58]} 22. Qe3
{[%clk 01:12:24]} {[%emt 00:08:16]} Qf4 {[%clk 01:03:53]} {[%emt 00:00:43]} 23.
Qxf4 {[%clk 01:12:13]} {[%emt 00:00:42]} exf4 {[%clk 01:04:13]} {[%emt
00:00:09]} 24. Rg5 {[%clk 01:10:00]} {[%emt 00:02:43]} c4 {[%clk 00:59:52]}
{[%emt 00:04:51]} 25. dxc4 {[%clk 01:09:41]} {[%emt 00:00:48]} Rhd6 {[%clk
00:57:25]} {[%emt 00:02:58]} 26. b3 {[%clk 01:09:09]} {[%emt 00:01:02]} Ng6
{[%clk 00:56:03]} {[%emt 00:01:52]} 27. Kb2 {[%clk 01:05:54]} {[%emt 00:03:46]}
Rd4 {[%clk 00:55:50]} {[%emt 00:00:42]} 28. Ra5 {[%clk 01:05:11]} {[%emt
00:01:13]} Bxe4 {[%clk 00:55:16]} {[%emt 00:01:05]} 29. Rxa7 {[%clk 01:05:19]}
{[%emt 00:00:22]} R8d7 {[%clk 00:55:01]} {[%emt 00:00:45]} 30. a4 {[%clk
01:03:48]} {[%emt 00:02:01]} Bf3 {[%clk 00:54:08]} {[%emt 00:01:23]} 31. Rb7
{[%clk 01:02:58]} {[%emt 00:01:20]} c5 {[%clk 00:54:15]} {[%emt 00:00:23]} 32.
Rb5 {[%clk 01:02:19]} {[%emt 00:01:08]} c6 {[%clk 00:52:50]} {[%emt 00:01:56]}
33. Rxc5 {[%clk 01:02:16]} {[%emt 00:00:32]} Rb7 {[%clk 00:52:04]} {[%emt
00:01:15]} 34. Rh3 {[%clk 00:59:30]} {[%emt 00:03:17]} Bg4 {[%clk 00:51:25]}
{[%emt 00:01:10]} 35. Rh1 {[%clk 00:58:22]} {[%emt 00:01:38]} Bd7 {[%clk
00:49:56]} {[%emt 00:01:58]} 36. f3 {[%clk 00:52:40]} {[%emt 00:06:12]} f6
{[%clk 00:49:33]} {[%emt 00:00:53]} 37. Rg1 {[%clk 00:51:14]} {[%emt 00:01:57]}
Ne5 {[%clk 00:49:27]} {[%emt 00:00:35]} 38. Ne2 {[%clk 00:50:54]} {[%emt
00:00:50]} Rxc4 {[%clk 00:49:01]} {[%emt 00:00:56]} 39. Rxc4 {[%clk 00:50:56]}
{[%emt 00:00:28]} Nxc4+ {[%clk 00:49:23]} {[%emt 00:00:08]} 40. Kc3 {[%clk
00:51:15]} {[%emt 00:00:11]} Ne5 {[%clk 00:49:00]} {[%emt 00:00:53]} 41. Nxf4
{[%clk 00:51:18]} {[%emt 00:00:27]} Nxf3 {[%clk 00:48:18]} {[%emt 00:01:13]}
42. Rg3 {[%clk 00:51:04]} {[%emt 00:00:44]} Ng5 {[%clk 00:46:50]} {[%emt
00:01:58]} 43. Rg1 {[%clk 00:50:05]} {[%emt 00:01:30]} Nf3 {[%clk 00:39:25]}
{[%emt 00:07:54]} 44. Rf1 {[%clk 00:48:54]} {[%emt 00:01:41]} Bg4 {[%clk
00:38:13]} {[%emt 00:01:42]} 45. Rf2 {[%clk 00:47:58]} {[%emt 00:01:26]} g5
{[%clk 00:37:16]} {[%emt 00:01:27]} 46. Nd3 {[%clk 00:47:17]} {[%emt 00:01:12]}
f5 {[%clk 00:37:02]} {[%emt 00:00:44]} 47. Kc4 {[%clk 00:47:10]} {[%emt
00:00:37]} f4 {[%clk 00:34:11]} {[%emt 00:03:21]} 48. Kc5 {[%clk 00:47:04]}
{[%emt 00:00:36]} Rc7 {[%clk 00:30:46]} {[%emt 00:03:55]} 49. Kb6 {[%clk
00:45:56]} {[%emt 00:01:38]} Rc8 {[%clk 00:30:05]} {[%emt 00:01:12]} 50. a5
{[%clk 00:45:53]} {[%emt 00:00:33]} Ra8 {[%clk 00:24:32]} {[%emt 00:06:02]} 51.
a6 {[%clk 00:44:55]} {[%emt 00:01:28]} Nd4 {[%clk 00:23:20]} {[%emt 00:01:43]}
52. Rg2 {[%clk 00:42:17]} {[%emt 00:03:08]} Bc8 {[%clk 00:23:06]} {[%emt
00:00:43]} 53. Rxg5+ {[%clk 00:42:08]} {[%emt 00:00:39]} Kf8 {[%clk 00:22:46]}
{[%emt 00:00:50]} 54. a7 {[%clk 00:39:14]} {[%emt 00:03:24]} Nb5 {[%clk
00:22:51]} {[%emt 00:00:25]} 55. Rxb5 {[%clk 00:38:16]} {[%emt 00:01:28]} cxb5
{[%clk 00:22:37]} {[%emt 00:00:43]} 56. Nxf4 {[%clk 00:38:38]} {[%emt
00:00:08]} Ke7 {[%clk 00:20:45]} {[%emt 00:02:22]} 57. Nd5+ {[%clk 00:38:41]}
{[%emt 00:00:27]} Kd7 {[%clk 00:19:25]} {[%emt 00:01:50]} 1/2-1/2

[Event "DVM U12 2023"]
[Site "Magdeburg GER"]
[Date "2023.12.30"]
[Round "7"]
[White "Mügschl, Frederick"]
[Black "He, Fabian"]
[Result "1-0"]
[Termination "normal"]
[Board "10.4"]
[WhiteElo "1097"]
[BlackElo "993"]
[WhiteClock "00:52:53"]
[BlackClock "01:03:19"]
[WhiteTeam "TV Tegernsee"]
[BlackTeam "Karlsruher SF 1853"]
[PlyCount "89"]
[WhiteFideId "34603450"]
[BlackFideId "34681779"]
[EventCountry "GER"]
[EventRounds "7"]
[EventType "team-swiss"]
[EventDate "2023.12.26"]

1. e4 {[%clk 01:30:58]} {[%emt 00:00:02]} e5 {[%clk 01:30:54]} {[%emt
00:00:07]} 2. Nf3 {[%clk 01:31:23]} {[%emt 00:00:04]} Nc6 {[%clk 01:31:11]}
{[%emt 00:00:13]} 3. d4 {[%clk 01:31:48]} {[%emt 00:00:06]} exd4 {[%clk
01:31:36]} {[%emt 00:00:04]} 4. Nxd4 {[%clk 01:32:10]} {[%emt 00:00:07]} Bc5
{[%clk 01:31:47]} {[%emt 00:00:20]} 5. Be3 {[%clk 01:32:33]} {[%emt 00:00:07]}
Qf6 {[%clk 01:32:01]} {[%emt 00:00:16]} 6. c3 {[%clk 01:32:55]} {[%emt
00:00:08]} a6 {[%clk 01:29:55]} {[%emt 00:02:36]} 7. Bc4 {[%clk 01:32:57]}
{[%emt 00:00:27]} d6 {[%clk 01:28:34]} {[%emt 00:01:52]} 8. O-O {[%clk
01:31:35]} {[%emt 00:01:52]} Nge7 {[%clk 01:28:25]} {[%emt 00:00:40]} 9. Qa4
{[%clk 01:26:01]} {[%emt 00:06:03]} Rb8 {[%clk 01:24:55]} {[%emt 00:03:59]} 10.
Nxc6 {[%emt 00:04:14]} Nxc6 {[%emt 00:02:08]} 11. Qb3 {[%clk 01:19:53]} {[%emt
00:00:16]} O-O {[%clk 01:25:04]} {[%emt 00:00:22]} 12. Bxc5 {[%clk 01:18:53]}
{[%emt 00:01:29]} dxc5 {[%clk 01:24:04]} {[%emt 00:01:33]} 13. Nd2 {[%clk
01:18:20]} {[%emt 00:01:02]} Qg5 {[%clk 01:23:53]} {[%emt 00:00:41]} 14. Nf3
{[%clk 01:17:02]} {[%emt 00:01:49]} Qg6 {[%clk 01:23:21]} {[%emt 00:01:01]} 15.
Kh1 {[%clk 01:16:44]} {[%emt 00:00:49]} Qxe4 {[%clk 01:22:42]} {[%emt
00:01:06]} 16. Bxf7+ {[%clk 01:15:59]} {[%emt 00:01:17]} Rxf7 {[%clk 01:23:02]}
{[%emt 00:00:08]} 17. Qxf7+ {[%clk 01:16:21]} {[%emt 00:00:11]} Kxf7 {[%clk
01:22:50]} {[%emt 00:00:42]} 18. Ng5+ {[%clk 01:16:47]} {[%emt 00:00:04]} Kg8
{[%clk 01:22:58]} {[%emt 00:00:21]} 19. Nxe4 {[%clk 01:17:06]} {[%emt
00:00:11]} Bf5 {[%clk 01:22:50]} {[%emt 00:00:38]} 20. Nxc5 {[%clk 01:15:59]}
{[%emt 00:01:37]} Ne5 {[%clk 01:22:30]} {[%emt 00:00:51]} 21. f4 {[%clk
01:14:24]} {[%emt 00:02:05]} Ng4 {[%clk 01:22:42]} {[%emt 00:00:18]} 22. Rae1
{[%clk 01:14:02]} {[%emt 00:00:51]} Rd8 {[%clk 01:18:58]} {[%emt 00:04:14]} 23.
h3 {[%clk 01:13:35]} {[%emt 00:00:58]} Nf6 {[%clk 01:19:11]} {[%emt 00:00:16]}
24. g4 {[%clk 01:13:43]} {[%emt 00:00:23]} Bd7 {[%clk 01:18:08]} {[%emt
00:01:32]} 25. Nxb7 {[%clk 01:13:19]} {[%emt 00:00:53]} Bc6+ {[%clk 01:18:01]}
{[%emt 00:00:38]} 26. Kh2 {[%clk 01:12:46]} {[%emt 00:01:03]} Bxb7 {[%clk
01:18:23]} {[%emt 00:00:08]} 27. g5 {[%clk 01:12:09]} {[%emt 00:01:07]} Rd2+
{[%clk 01:18:46]} {[%emt 00:00:07]} 28. Kg3 {[%clk 01:12:04]} {[%emt 00:00:36]}
Rd3+ {[%clk 01:16:37]} {[%emt 00:02:38]} 29. Kf2 {[%clk 01:07:23]} {[%emt
00:05:11]} Ne4+ {[%clk 01:15:46]} {[%emt 00:01:22]} 30. Ke2 {[%clk 01:07:16]}
{[%emt 00:00:36]} Rxh3 {[%clk 01:16:11]} {[%emt 00:00:05]} 31. Kd1 {[%clk
01:03:25]} {[%emt 00:04:20]} Rh2 {[%clk 01:14:56]} {[%emt 00:01:45]} 32. Kc1
{[%clk 01:01:00]} {[%emt 00:02:55]} a5 {[%clk 01:15:11]} {[%emt 00:00:15]} 33.
Rd1 {[%clk 00:59:51]} {[%emt 00:01:38]} a4 {[%clk 01:13:48]} {[%emt 00:01:53]}
34. a3 {[%clk 00:58:58]} {[%emt 00:01:27]} Nd6 {[%clk 01:12:52]} {[%emt
00:01:23]} 35. f5 {[%clk 00:57:44]} {[%emt 00:01:44]} Nc4 {[%clk 01:12:44]}
{[%emt 00:00:38]} 36. Rd8+ {[%clk 00:56:57]} {[%emt 00:01:17]} Kf7 {[%clk
01:12:47]} {[%emt 00:00:27]} 37. Rfd1 {[%clk 00:54:35]} {[%emt 00:02:52]} Bc6
{[%clk 01:11:01]} {[%emt 00:02:16]} 38. Rc8 {[%clk 00:53:06]} {[%emt 00:01:58]}
Bb5 {[%clk 01:10:06]} {[%emt 00:01:26]} 39. Rxc7+ {[%clk 00:53:08]} {[%emt
00:00:28]} Ke8 {[%clk 01:10:24]} {[%emt 00:00:10]} 40. Rc8+ {[%clk 00:53:12]}
{[%emt 00:00:27]} Ke7 {[%clk 01:09:43]} {[%emt 00:01:12]} 41. Rc7+ {[%clk
00:53:21]} {[%emt 00:00:20]} Ke8 {[%clk 01:09:55]} {[%emt 00:00:18]} 42. f6
{[%clk 00:52:59]} {[%emt 00:00:53]} Rg2 {[%clk 01:05:10]} {[%emt 00:05:16]} 43.
f7+ {[%clk 00:52:33]} {[%emt 00:00:56]} Kf8 {[%clk 01:03:25]} {[%emt 00:02:15]}
44. Rd8+ {[%clk 00:52:53]} {[%emt 00:00:10]} Be8 {[%clk 01:03:19]} {[%emt
00:00:36]} 45. Rxe8# {[%emt 00:00:24]} 1-0